Gün Batarken / (Record no. 25204)
| 000 -BAŞLIK | |
|---|---|
| Sabit Uzunluktaki Kontrol Alanı | 01887nam a22003497a 4500 |
| 001 - KONTROL NUMARASI | |
| Control Dosyası | 0025254 |
| 003 - KONTROL NUMARASI KİMLİĞİ | |
| Kontrol Alanı | KOHA_MİRAKIL |
| 005 - EN SON İŞLEM TARİHİ ve ZAMANI | |
| Kontrol Alanı | 20260207002459.0 |
| 007 - FİZİKSEL TANIM SABİT ALAN - GENEL BİLGİ | |
| Sabit uzunluklu kontrol alanı | ta |
| 008 - SABİT UZUNLUKTAKİ VERİ ÖGELERİ - GENEL BİLGİ | |
| Sabit Alan | 101201b2010 tu |||gr||||#0|||1|tur | |
| 020 ## - ISBN - ULUSLARARASI STANDART KİTAP NUMARASI | |
| Isbn | 9789754377743 |
| Kullanılabilirlik koşulları | 15,01 |
| 040 ## - KATALOGLAMA KAYNAĞI | |
| Özgün Kataloglama Kurumu | TR-BiSEU |
| Kataloglama Dili | tur |
| Çeviri Kurumu | TR-BiSEU |
| Açıklama Kuralları | rda |
| 041 0# - DİL KODU | |
| Metin ya da ses kaydının dil kodu | tur |
| 044 ## - YAYINLAYAN/ÜRETEN KURULUŞUN ÜLKE KODU | |
| ISO country code | tu |
| 050 ## - SINIFLAMA ve YER NUMARASI | |
| Sınıflama Numarası | PL248.B38 |
| Yer Numarası | G86 2010 |
| 100 0# - KİŞİ ADI | |
| Yazar Adı (Kişi adı) | Büyükarkın,Bekir. |
| 245 1# - ESER ADI BİLDİRİMİ | |
| Başlık | Gün Batarken / |
| Sorumluluk Bildirimi | Büyükarkın,Bekir ; Bekir Büyükarkın. |
| 264 #1 - ÜRERİM, YAYIN, DAĞITIM ve TELİF BİLDİRİMİ | |
| Yayın yeri | İstanbul : |
| Yayınlayan | Ötüken |
| Yayın tarihi | 2010 |
| 300 ## - FİZİKSEL TANIMLAMA | |
| Sayfa, Cilt vb. | 469 sayfa ; |
| Boyutları | 21 cm. |
| 336 ## - İÇERİK TÜRÜ | |
| Content type term | metin |
| Content type code | txt |
| Source | rdacontent |
| 337 ## - MEDYA TÜRÜ | |
| Media type term | aracısız |
| Media type code | n |
| Source | rdamedia |
| 338 ## - TAŞIYICI TÜRÜ | |
| Carrier type term | cilt |
| Carrier type code | nc |
| Source | rdacarrier |
| 490 1# - DİZİ BİLDİRİMİ | |
| Dizi Bildirimi | Edebi Eserler;346 |
| 505 ## - İÇİNDEKİLER NOTU | |
| İçindekiler Notu | Gün Batarken, Osmanlı çöküşünün ızdırap verici hikâyesidir. İttihat Terakkî'nin iktidar sürecinde cereyan eden olayları, İstanbul'daki sosyal hayatı, baskı ve kaos içinde sürüp giden çekişmeleri, 1. Dünya Harbine girişimizi, Birinci Kanal harekâtı ve Çanakkale savaşlarının detaylarını, genel olarak harbin cephelerini, parti çekişmelerini, çekilen sıkıntılara rağmen Türk askerinin ve milletinin dayanıklılığını, sabrını, direncini o günün atmosferi içinde yaşarcasına "içeriden" vermektedir. |
| 650 #0 - KONU BAŞLIĞI EK GİRİŞ - KONU TERİMİ | |
| Konusal terim veya coğrafi ad | Türk romanı. |
| 9 (RLIN) | 5504 |
| 650 #0 - KONU BAŞLIĞI EK GİRİŞ - KONU TERİMİ | |
| Konusal terim veya coğrafi ad | Turkish fiction. |
| 9 (RLIN) | 6661 |
| 650 #0 - KONU BAŞLIĞI EK GİRİŞ - KONU TERİMİ | |
| Konusal terim veya coğrafi ad | Tarihi roman, Türk. |
| 9 (RLIN) | 24097 |
| 650 #0 - KONU BAŞLIĞI EK GİRİŞ - KONU TERİMİ | |
| Konusal terim veya coğrafi ad | Historical fiction, Turkish. |
| 9 (RLIN) | 24098 |
| 830 1# - SERİ EK GİRİŞİ - TEKBİÇİM ESER ADI | |
| Tekbiçim Başlık | Edebi Eserler;346 |
| 9 (RLIN) | 51061 |
| 907 ## - LOCAL DATA ELEMENT G, LDG (RLIN) | |
| a | Roman |
| 942 ## - EK GİRİŞ ÖGELERİ (KOHA) | |
| Source of classification or shelving scheme | Library of Congress Classification |
| Koha item type | Book |
| 505 ## - İÇİNDEKİLER NOTU | |
| -- | |
| -- | Tarihimizin krizli dönemlerini tarihî gerçeklere dayanarak tesbit edip romanlarında işleyen Bekir Büyükarkın, krizin mahiyetini, krizden çıkma azim ve niyetinin doğrultusunu okuyuculara ro-manlarında hissettirmeğe çalışmıştır: Bu roman da 6,5 asırlık bir cihan devletinin batışındaki dramatik tabloyu ortaya koymakta-dır. |
| -- | |
| Materyal Türü | Kalıcı Konum | Mevcut Konum | Raf Yeri | Sınıflandırma Kaynağı | Edinim Bilgisi | Ana Konular | Alt Konular | Yer Numarası | Demirbaş Numarası | Fatura Tarihi | Maliyet, Alış Fiyatı | Maliyet, Yenileme Fiyatı | Geri Çekilme Durumu | Kayıp Durumu | Hasarlı Durumu | Kredi için değil | Kayıt Tarih | Toplam Ödünçverme | Son Görülme Tarihi | Son Kontrol Tarihi |
|---|---|---|---|---|---|---|---|---|---|---|---|---|---|---|---|---|---|---|---|---|
| Book | Prof. Dr. Azmi Özcan Kütüphanesi | Prof. Dr. Azmi Özcan Kütüphanesi | Birûni Salonu | Library of Congress Classification | Satın | DİL VE EDEBİYAT | Doğu Asya, Afrika, Okyanusya Dilleri ve Edebiyatları | PL248.B89 G86 2010 | 0025254 | 15/12/2010 | 16.21 | 16.21 | 12/11/2010 | 12 | 05/12/2024 | 05/12/2024 | ||||
| Book | Prof. Dr. Azmi Özcan Kütüphanesi | Prof. Dr. Azmi Özcan Kütüphanesi | Birûni Salonu | Library of Congress Classification | Satın | DİL VE EDEBİYAT | Doğu Asya, Afrika, Okyanusya Dilleri ve Edebiyatları | PL248.B38 G86 2010 | 0025257 | 15/12/2010 | 16.21 | 16.21 | 01/12/2010 | 05/12/2024 | 05/12/2024 |
